| Tag |
First Indicator |
Second Indicator |
Subfields |
| LEADER |
00000cam a22000008a 4500 |
| 001 |
in00000079934 |
| 005 |
20151008055244.0 |
| 008 |
810520s1981 nyua b 00100 eng |
| 010 |
|
|
|a 81065506
|
| 020 |
|
|
|a 0029222206
|
| 035 |
|
|
|a (OCoLC)07555233
|
| 035 |
|
|
|9 AAJ2967AM
|
| 039 |
0 |
|
|a 2
|b 3
|c 3
|d 3
|e 3
|
| 040 |
|
|
|a DLC
|c DLC
|d TXA
|d UtOrBLW
|
| 049 |
|
|
|a TXAM
|c [1442555]
|
| 050 |
0 |
0 |
|a RC533
|b .B44
|
| 060 |
|
0 |
|a WM 176 B4195
|
| 082 |
0 |
|
|a 616.85/227
|2 19
|
| 245 |
0 |
0 |
|a Behavior in excess :
|b an examination of the volitional disorders /
|c edited by S. Joseph Mule.
|
| 263 |
|
|
|a 8109
|
| 264 |
|
1 |
|a New York :
|b Free Press ;
|a London :
|b Collier Macmillan Publishers,
|c [1981]
|
| 264 |
|
4 |
|c ©1981
|
| 300 |
|
|
|a xv, 396 pages :
|b illustrations ;
|c 24 cm.
|
| 336 |
|
|
|a text
|b txt
|2 rdacontent
|
| 337 |
|
|
|a unmediated
|b n
|2 rdamedia
|
| 338 |
|
|
|a volume
|b nc
|2 rdacarrier
|
| 504 |
|
|
|a Includes bibliographical references and index.
|
| 650 |
|
0 |
|a Obsessive-compulsive disorder.
|
| 650 |
|
0 |
|a Drug abuse
|x Psychological aspects.
|
| 650 |
|
2 |
|a Behavior Therapy.
|
| 650 |
|
2 |
|a Compulsive Behavior.
|
| 700 |
1 |
|
|a Mulé, S. J.
|
| 999 |
|
|
|a MARS
|
| 999 |
f |
f |
|s 73be5d97-61c3-300b-85a1-0132814b3552
|i 42bb1381-23ad-3682-a7b5-d934bfefde7d
|t 0
|
| 952 |
f |
f |
|p ric
|a Texas A&M University
|b Rellis Campus
|c Joint Library Facility
|d Remote Storage
|t 0
|e RC533 .B44
|h Library of Congress classification
|i unmediated -- volume
|m A14806230430
|
| 998 |
f |
f |
|a RC533 .B44
|t 0
|l Remote Storage
|